Online
Catalog

La minoria de color en Estados Unidos : (Record no. 20785)

MARC details
000 -CABECERA
campo de control de longitud fija 00898nam a2200241 a 4500
001 - NÚMERO DE CONTROL
campo de control 000021285
005 - FECHA Y HORA DE LA ÚLTIMA TRANSACCIÓN
campo de control 20260310104012.0
008 - DATOS DE LONGITUD FIJA--INFORMACIÓN GENERAL
campo de control de longitud fija 100903s1966 ag 000 0 spa d
040 ## - FUENTE DE LA CATALOGACIÓN
Centro catalogador/agencia de origen DO-SdBNP
Lengua de catalogación spa
Centro/agencia transcriptor BNPHU
082 ## - NÚMERO DE LA CLASIFICACIÓN DECIMAL DEWEY
Número de clasificación 305.56
Número de documento/Ítem M662m
049 ## - FONDOS LOCALES (OCLC)
Fondos de biblioteca BNGR
100 1# - ENTRADA PRINCIPAL--NOMBRE DE PERSONA
Nombre de persona Milton Yinger, J.
9 (RLIN) 44475
240 12 - TÍTULO UNIFORME
Título uniforme A minority group in american society.
Lenguaje de la obra Español
245 13 - MENCIÓN DE TÍTULO
Título La minoria de color en Estados Unidos :
Resto del título un conflicto social /
Mención de responsabilidad, etc. J. Milton Yinger ; traducción Roberto Marcenado Boutell.
260 ## - PUBLICACIÓN, DISTRIBUCIÓN, ETC.
Lugar de publicación, distribución, etc. Buenos Aires, (Argentina) :
Nombre del editor, distribuidor, etc. Ediciones Troquel,
Fecha de publicación, distribución, etc. 1966.
300 ## - DESCRIPCIÓN FÍSICA
Extensión 166 p. ;
Dimensiones 20 cm.
534 ## - NOTA SOBRE LA VERSIÓN ORIGINAL
Encabezamiento principal del original Título de la obra en inglés :
Mención de título del original A minority group in american society
650 #0 - PUNTO DE ACCESO ADICIONAL DE MATERIA--TÉRMINO DE MATERIA
Término de materia o nombre geográfico como elemento de entrada Discriminación racial
9 (RLIN) 2280
650 #4 - PUNTO DE ACCESO ADICIONAL DE MATERIA--TÉRMINO DE MATERIA
Término de materia o nombre geográfico como elemento de entrada Diaspora
9 (RLIN) 44476
650 #4 - PUNTO DE ACCESO ADICIONAL DE MATERIA--TÉRMINO DE MATERIA
Término de materia o nombre geográfico como elemento de entrada Problemas raciales
9 (RLIN) 44477
650 #4 - PUNTO DE ACCESO ADICIONAL DE MATERIA--TÉRMINO DE MATERIA
Término de materia o nombre geográfico como elemento de entrada Actitudes étnicas
9 (RLIN) 44478
700 1# - PUNTO DE ACCESO ADICIONAL--NOMBRE DE PERSONA
Nombre de persona Marcenaro Boutell, Roberto,
Término indicativo de función/relación tr.
9 (RLIN) 44479
Holdings
Estado de retiro Estado de pérdida Restricciones de uso No para préstamo Código de colección Localización permanente Ubicación/localización actual Ubicación en estantería Fecha de adquisición Número de inventario Total de préstamos Signatura topográfica completa Código de barras Fecha visto por última vez Precio válido a partir de Tipo de ítem Koha
        Monografías: Libros y Folletos General General En catalogación 03.09.2010 LF1   305.56 M662m 21285-10 25.06.2020 25.06.2020 Préstamo en sala

Powered by Koha